Dynamics of nonholonomic systems /
Guardado en:
| Autor Principal: | |
|---|---|
| Otros Autores: | |
| Formato: | Libro |
| Idioma: | English Russian |
| Publicado: |
Providence, R.I. :
American Mathematical Society,
1972.
|
| Series: | Translations of mathematical monographs ;
v. 33 |
| Materias: | |
| Etiquetas: |
Agregar Etiqueta
Sin Etiquetas, Sea el primero en etiquetar este registro!
|
| LEADER | 01618cam a2200277 a 4500 | ||
|---|---|---|---|
| 001 | MAT.inmabb003745 | ||
| 008 | 720503s1972####riua#####b####000#0#eng## | ||
| 005 | 20180611164539.0 | ||
| 245 | 1 | 0 | |a Dynamics of nonholonomic systems / |c by Ju. I. Neimark and N. A. Fufaev ; [translated from the Russian by J. R. Barbour]. |
| 260 | |a Providence, R.I. : |b American Mathematical Society, |c 1972. | ||
| 300 | |a ix, 518 p. : |b il. ; |c 24 cm. | ||
| 440 | 0 | |a Translations of mathematical monographs ; |v v. 33 | |
| 500 | |a Traducción de: Dinamika negolonomnykh sistem. Moskva : Nauka, 1967. | ||
| 504 | |a Bibliografía: p. 495-518. | ||
| 505 | 0 | |a 1. Kinematics of nonholonomic systems -- 2. Study of the motions of nonholonomic systems on the basis of the general laws of dynamics. Classical problems of rigid bodies rolling on a surface -- 3. Analytic dynamics of nonholonomic systems -- 4. Validity of the mathematical models in the mechanics of nonholonomic systems -- 5. Small oscillations and the stability of nonholonomic systems -- 6. Dynamics of nonholonomic systems and technical problems of the directional stability of rolling systems -- 7. Dynamics of nonholonomic systems and the general theory of electrical machines. | |
| 020 | |a 0821815830 | ||
| 100 | 1 | |a Neimark, IU. I. |q (IUrii Isaakovich) | |
| 240 | 1 | 0 | |a Dinamika negolonomnykh sistem. |l Inglés |
| 700 | 1 | |a Fufaev, N. A. |q (Nikolai Alekseevich) | |
| 650 | 0 | |a Nonholonomic dynamical systems. | |
| 084 | |a 70F25 |2 msc2000 | ||
| 084 | |a 37J60 |2 msc2000 | ||
| 010 | |a 72003274 | ||
| 040 | |a DLC |c DLC |d DLC | ||
| 041 | 1 | |a eng |h rus | |
| 859 | |h 70 |i N414 |p A-5637 |b BIB. MATEMATICA | ||
